[Event "Tatry Open"]
[Site "Tatranske Zruby SVK"]
[Date "2006.09.24"]
[Round "2"]
[White "Pechacek,S"]
[Black "Mozny,M"]
[Result "1/2-1/2"]
[WhiteElo "2142"]
[BlackElo "2385"]

1.Nf3 d5 2.d4 Nf6 3.c4 c6 4.Nc3 e6 5.e3 Nbd7 6.Qc2 Bd6 7.g4 h6 8.Bd2 dxc4
9.Bxc4 Nxg4 10.Bxe6 Ngf6 11.Bb3 Nb6 12.Ne4 Nxe4 13.Qxe4+ Qe7 14.Ne5 Bxe5
15.Qxe5 Qxe5 16.dxe5 a5 17.Rg1 g5 18.Bc3 Be6 19.f4 Ke7 20.Bd4 Nd7 21.Bc2 gxf4
22.exf4 Rhg8 23.Rg3 Bd5 24.b3 f6 25.exf6+ Nxf6 26.O-O-O Rxg3 27.hxg3 Rg8
28.Bc5+ Kf7 29.Re1 Re8 30.Rxe8 Nxe8 31.Kb2 Nf6 32.Bb6 Nh5 33.Bf2 Nf6 34.Bb6 Nh5  1/2-1/2

[Event "Monarch Assurance Isle of Man"]
[Site "Port Erin IOM"]
[Date "2006.09.25"]
[Round "3"]
[White "Greenfeld,A"]
[Black "Kobalia,M"]
[Result "1/2-1/2"]
[WhiteElo "2551"]
[BlackElo "2647"]

1.d4 d5 2.c4 c6 3.Nf3 Nf6 4.Nc3 e6 5.e3 a6 6.b3 Bb4 7.Bd2 O-O 8.Bd3 Nbd7
9.O-O Bd6 10.Qc2 b6 11.cxd5 cxd5 12.e4 dxe4 13.Nxe4 Be7 14.Neg5 g6 15.Nxe6 fxe6
16.Ng5 Bb7 17.Bxg6 Kh8 18.Bxh7 Ng4 19.Bg8 Rf5 20.Nxe6 Ne3 21.Qxf5 Nxf5 22.Nxd8 Rxd8
23.Be6 Nxd4 24.Bc3 Nf6 25.Bxd4 Rxd4 26.Rad1 Rh4 27.Rfe1 Bc5 28.Re2 Kg7 29.Bh3 Bf3
30.gxf3 Rxh3 31.Kg2 Rh5 32.f4 Rh4 33.Kg3 Rg4+ 34.Kf3 Rh4 35.Kg3 Rg4+ 36.Kf3 Rh4
37.Kg3  1/2-1/2

[Event "15th TCh-CRO"]
[Site "Sibenik CRO"]
[Date "2006.09.26"]
[Round "5"]
[White "Petkov,V"]
[Black "Pavasovic,D"]
[Result "0-1"]
[WhiteElo "2480"]
[BlackElo "2564"]

1.d4 d5 2.c4 e6 3.Nc3 c6 4.Nf3 Nf6 5.e3 Nbd7 6.Bd3 dxc4 7.Bxc4 b5 8.Bd3 a6
9.e4 c5 10.e5 cxd4 11.Nxb5 axb5 12.exf6 gxf6 13.O-O Qb6 14.Qe2 b4 15.Rd1 Bc5
16.Bh6 Bb7 17.Be4 Rg8 18.Nxd4 Ne5 19.Rac1 Rd8 20.Nb3 Rxd1+ 21.Rxd1 Bxf2+
22.Kh1 Bxe4 23.Qxe4 Qc6 24.Qxc6+ Nxc6 25.Rd2 Rg6 26.Bf4 Ba7 27.Rd6 Bb8 28.Rxc6 Bxf4
29.Rb6 Be5 30.Rxb4 Bxb2 31.Rb8+ Ke7 32.Rb7+ Kf8 33.Na5 Bc3 34.Nc6 Rg5 35.g3 Rd5
36.a4 f5 37.Kg2 Rd2+ 38.Kf3 Rxh2 39.Rb3 Be1 40.Rb1 Rc2 41.Rxe1 Rxc6 42.a5 Ke7
43.Ra1 Ra6 44.Ke3 Kf6 45.Kd4 Kg5 46.Kc4 Kg4 47.Kb5 Ra8 48.Ra3 e5 49.Kc6 e4
50.Kb7 Re8 51.a6 e3  0-1

[Event "15th TCh-CRO"]
[Site "Sibenik CRO"]
[Date "2006.09.26"]
[Round "5"]
[White "Muse,D"]
[Black "Saric,A"]
[Result "1-0"]
[WhiteElo "2407"]
[BlackElo "2475"]

1.d4 Nf6 2.Nf3 d5 3.c4 e6 4.e3 c6 5.Nc3 Nbd7 6.Be2 Bd6 7.O-O O-O 8.b3 b6
9.Bb2 Bb7 10.Rc1 Qe7 11.cxd5 exd5 12.Bd3 Ne4 13.Qe2 Rae8 14.g3 f5 15.Rc2 Qf6
16.Qd1 Qh6 17.Re1 b5 18.Bf1 a6 19.Bg2 Re7 20.Ne2 Rfe8 21.Nf4 Ng5 22.Nxg5 Qxg5
23.Nd3 a5 24.Qc1 Rc8 25.Bxd5+ cxd5 26.Rxc8+ Bxc8 27.Qxc8+ Nf8 28.Qc6 Re6
29.Qxd5 Kh8 30.Qxb5 h5 31.h4 Qg4 32.Ne5 Bxe5 33.dxe5 Ng6 34.Qe2 Nxe5 35.Bxe5 Rxe5
36.Qxg4 hxg4 37.Rc1 Rd5 38.Rc4  1-0

[Event "Monarch Assurance Isle of Man"]
[Site "Port Erin IOM"]
[Date "2006.09.27"]
[Round "5"]
[White "Krasenkow,M"]
[Black "Kazhgaleyev,M"]
[Result "1-0"]
[WhiteElo "2635"]
[BlackElo "2606"]

1.d4 d5 2.Nf3 Nf6 3.c4 c6 4.Nc3 e6 5.e3 a6 6.c5 b6 7.cxb6 Nbd7 8.Bd2 Nxb6
9.Na4 Nxa4 10.Qxa4 Bd7 11.Ne5 c5 12.Qa5 Qxa5 13.Bxa5 cxd4 14.exd4 Bb5 15.Rc1 Bd6
16.f3 Nd7 17.Nc6 f6 18.Bxb5 axb5 19.Ke2 Kf7 20.Bb4 Bf4 21.Rc2 Rhc8 22.g3 Bh6
23.a3 e5 24.Rd1 Ke6 25.dxe5 fxe5 26.Rxd5 Rxc6 27.Rxc6+ Kxd5 28.Rd6+ Kc4 29.Rxd7  1-0

[Event "15th TCh-CRO w"]
[Site "Sibenik CRO"]
[Date "2006.09.27"]
[Round "6"]
[White "Cosma,E"]
[Black "Madl,I"]
[Result "1-0"]
[WhiteElo "2355"]
[BlackElo "2375"]

1.d4 d5 2.Nf3 Nf6 3.c4 c6 4.Nc3 e6 5.e3 Nbd7 6.Qc2 Bd6 7.b3 O-O 8.Bd3 e5
9.cxd5 cxd5 10.Nb5 Bb8 11.dxe5 Nxe5 12.Nxe5 Bxe5 13.Bb2 Bxb2 14.Qxb2 Bd7
15.Nd4 Qa5+ 16.Qd2 Qa3 17.O-O Rac8 18.Rac1 Ne4 19.Bxe4 dxe4 20.Rc2 g6 21.Rfc1 Rxc2
22.Rxc2 Rc8 23.Rxc8+ Bxc8 24.Qc2 Bd7 25.h3 Bc6 26.Nxc6 bxc6 27.Qxc6 Qxa2
28.Qxe4 Qxb3 29.Qa8+ Kg7 30.Qxa7 Qc2 31.Qd4+ f6 32.Qd7+ Kh6 33.Qd6 Qc3 34.Kh2 g5
35.h4 gxh4 36.Qf4+ Kg6 37.Qxh4 Qd2 38.Qe4+ Kg7 39.Qe7+ Kg6 40.Kg3 Qd3 41.Qf8 Qd5
42.Qe8+ Kg7 43.Qa4 Qd2 44.Qg4+ Kf7 45.Qe4 Kg7 46.Qg4+ Kf7 47.Qd4 Qe1 48.Qd7+ Kg6
49.Qe8+ Kg7 50.Qe7+ Kg6 51.Qf8 Qe2 52.Qg8+ Kh6 53.Qg4 Qd2 54.Qd4  1-0

[Event "Vojvodina Quality League m"]
[Site "Sremska Mitrovica SRB"]
[Date "2006.09.27"]
[Round "8"]
[White "Cengija,V"]
[Black "Brajic,D"]
[Result "1/2-1/2"]
[WhiteElo "2304"]
[BlackElo "2257"]

1.d4 Nf6 2.c4 e6 3.Nf3 d5 4.Nc3 c6 5.e3 Bd6 6.Qc2 Nbd7 7.Bd3 O-O 8.O-O e5
9.cxd5 cxd5 10.e4 exd4 11.Nxd5 Nxd5 12.exd5 h6 13.Nxd4 Qh4 14.Nf3 Qh5 15.Bh7+ Kh8
16.Qf5 g5 17.h4 f6 18.Bg6 Nb6 19.Qxc8 Qxg6 20.Qe6 Bc5 21.Ne5 Qh7 22.Ng4 Rae8
23.Nxf6 Bxf2+ 24.Rxf2 Rxe6 25.dxe6 Qd3 26.Bd2 Nd5 27.Nxd5 Rxf2 28.Bc3+ Kg8
29.Kxf2 Qxd5 30.Re1 Qc5+ 31.Re3 Kf8 32.e7+ Ke8 33.hxg5 hxg5 34.a3 g4 35.g3 Qf5+
36.Ke1 Qc2 37.Bd4 Qc1+ 38.Ke2 Qc4+ 39.Rd3 Kxe7 40.Kd2 a6 41.Bc3 Ke6 42.Rd4 Qf1
43.Re4+ Kd5 44.Rd4+ Kc5 45.Rd3 Qf2+ 46.Kc1 Qe2 47.Rd2 Qe1+ 48.Kc2 Qxg3 49.b3 Qe3
50.Ba5 g3 51.Rd3 Qxd3+ 52.Kxd3 g2 53.Bd2 g1=Q 54.Be3+ Qxe3+ 55.Kxe3 a5 56.Kd3  1/2-1/2

[Event "Tatry Open"]
[Site "Tatranske Zruby SVK"]
[Date "2006.09.27"]
[Round "6"]
[White "Pechacek,S"]
[Black "Volodin,V"]
[Result "1/2-1/2"]
[WhiteElo "2142"]
[BlackElo "2257"]

1.Nf3 d5 2.d4 e6 3.c4 Nf6 4.Nc3 c6 5.e3 Nbd7 6.Qc2 Bd6 7.g4 Nxg4 8.Rg1 f5
9.h3 Ngf6 10.Rxg7 Ne4 11.Rg2 Kf8 12.Bd2 Rg8 13.Rxg8+ Kxg8 14.Bd3 Qf6 15.Ke2 Nf8
16.Rg1+ Kh8 17.Qc1 Ng6 18.Qf1 Bd7 19.Qg2 Rg8 20.Qh1 Be8 21.Be1 Ne7 22.Rxg8+ Kxg8
23.Kd1 Bh5 24.Kc2 Ng6 25.Nd2 Nxd2 26.Bxd2 Kh8 27.cxd5 exd5 28.Nxd5 Qe6 29.Nc3 Ne7
30.Qg2 Bg6 31.Qg5 Kg7 32.h4 Qf6 33.f3 Nd5 34.Nxd5 Qxg5 35.hxg5 cxd5 36.f4 Kf7
37.a3 Ke6 38.Be2 Bf8 39.Bb4 Bg7 40.a4 Be8 41.Kb3 h6 42.gxh6 Bxh6 43.a5 b6
44.Be1 Bf8 45.axb6 axb6 46.Bh4 Kd6 47.Bd8 Kc6 48.Bd3 Bd7 49.Ka4 Kb7+ 50.Kb3 Kc6
51.Kc3 Kb7 52.Be2 Bd6 53.Bf3 Bc6 54.Be2  1/2-1/2

[Event "Tatry Open"]
[Site "Tatranske Zruby SVK"]
[Date "2006.09.27"]
[Round "6"]
[White "Machycek,L"]
[Black "Behul,B"]
[Result "1-0"]
[WhiteElo "2271"]
[BlackElo "2168"]

1.c4 Nf6 2.Nc3 c6 3.Nf3 d5 4.d4 e6 5.e3 Be7 6.Bd3 Nbd7 7.O-O O-O 8.e4 dxe4
9.Nxe4 Nxe4 10.Bxe4 Nf6 11.Bc2 b6 12.Bg5 Bb7 13.Qd3 g6 14.Ne5 Qc7 15.Qe2 Rad8
16.Rad1 Kg7 17.Qe3 Ng8 18.Bf4 Qc8 19.c5 bxc5 20.dxc5 Rd5 21.b4 f6 22.Nc4 e5
23.Bg3 Ba6 24.Qc3 Rfd8 25.Rfe1 Rd4 26.Ne3 Qd7 27.f4 exf4 28.Bxf4 Rxd1 29.Rxd1 Qe6
30.Rxd8 Bxd8 31.Qd4 Qe7 32.Bd6 Qe8 33.Qe4 Qxe4 34.Bxe4 Bb5 35.Bc2 f5 36.a4 Ba6
37.g4 Bf6 38.gxf5 Bd4 39.Kf2 Nf6 40.Kf3 g5 41.Be4 h5 42.Bxc6 Bd3 43.Bd5 g4+
44.Kf4 Bxe3+ 45.Kxe3 Bxf5 46.Bb7  1-0

[Event "Monarch Assurance Isle of Man"]
[Site "Port Erin IOM"]
[Date "2006.09.28"]
[Round "6"]
[White "Golod,V"]
[Black "Khenkin,I"]
[Result "1/2-1/2"]
[WhiteElo "2576"]
[BlackElo "2586"]

1.d4 d5 2.c4 e6 3.Nf3 Nf6 4.Nc3 c6 5.e3 Nbd7 6.Bd3 dxc4 7.Bxc4 b5 8.Bd3 Bb7
9.a3 Bd6 10.Qc2 a6 11.Ne4 Nxe4 12.Bxe4 f5 13.Bxc6  1/2-1/2

[Event "Glassy Stream Masters"]
[Site "Kharkiv UKR"]
[Date "2006.09.29"]
[Round "10"]
[White "Simantsev,M"]
[Black "Arzumanian,G"]
[Result "1/2-1/2"]
[WhiteElo "2373"]
[BlackElo "2446"]

1.d4 d5 2.c4 c6 3.Nc3 Nf6 4.Nf3 e6 5.e3 Nbd7 6.Bd3 dxc4 7.Bxc4 b5 8.Bd3 Bb7
9.Ng5 Bd6 10.Qf3 h6 11.Qh3 Qe7 12.Bd2 O-O 13.Nge4 Nxe4 14.Nxe4 c5 15.Nxd6 Qxd6
16.Bxb5 cxd4 17.O-O d3  1/2-1/2

[Event "15th TCh-CRO"]
[Site "Sibenik CRO"]
[Date "2006.09.29"]
[Round "8"]
[White "Bilobrk,F"]
[Black "Saric,Ib"]
[Result "0-1"]
[WhiteElo "2386"]
[BlackElo "2489"]

1.d4 d5 2.c4 c6 3.Nf3 Nf6 4.Nc3 e6 5.e3 a6 6.Bd3 dxc4 7.Bxc4 b5 8.Bd3 c5
9.dxc5 Bxc5 10.O-O Bb7 11.Qe2 Nbd7 12.e4 Qb8 13.Bg5 h6 14.Bxf6 gxf6 15.Rad1 Qc7
16.Rc1 Qb6 17.Rfd1 Rd8 18.a3 Ne5 19.Nxe5 fxe5 20.a4 b4 21.Nb1 Ke7 22.b3 Rd7
23.Bc2 Rhd8 24.Rxd7+ Rxd7 25.Rd1 Rxd1+ 26.Bxd1 Qd8 27.Bc2 Qd4 28.g4 a5 29.Bd3 f5
30.gxf5 exf5 31.Nd2 fxe4 32.Nxe4 Qa1+ 33.Kg2 Qc1 34.Qf3 Qf4 35.Qxf4 exf4
36.f3 Be3 37.Bc4 Bc8 38.h3 Be6 39.Bxe6 Kxe6 40.Kf1 Kd5 41.Ke2 Kd4 42.Nd6 Kc3
43.Nc4 Kxb3 44.Nxa5+ Kxa4 45.Nc4 b3 46.Kd3 Kb4 47.Nb2 Bc1 48.Nd1 Be3 49.Nb2 Ka3
50.Nd1 b2 51.Nc3 Kb3 52.Nb1 h5 53.Nc3 Bc5 54.Nb1 Bb4  0-1

[Event "Monarch Assurance Isle of Man"]
[Site "Port Erin IOM"]
[Date "2006.09.30"]
[Round "8"]
[White "Sriram,J"]
[Black "Korneev,O"]
[Result "1/2-1/2"]
[WhiteElo "2408"]
[BlackElo "2638"]

1.d4 d5 2.c4 e6 3.Nc3 c6 4.e3 Nf6 5.Nf3 Nbd7 6.Bd3 dxc4 7.Bxc4 b5 8.Bd3 Bb7
9.O-O a6 10.a4 b4 11.Nb1 c5 12.Nbd2 Be7 13.Qe2 a5 14.e4 cxd4 15.e5 Nd5 16.Nb3 Nc5
17.Bb5+ Kf8 18.Nbxd4 Rc8 19.Rd1 h6 20.Be3 g6 21.Bc4 Kg7 22.Nb5 Nd7 23.Rac1 Nxe3
24.Qxe3 Bc5 25.Nfd4 Qb6 26.Nxe6+ Qxe6 27.Bxe6 Bxe3 28.Rxc8 Bxc8 29.Bxd7 Bf4
30.Bxc8 Rxc8 31.Nd6 Rc2 32.Ne8+ Kh8 33.Nd6 Kg8 34.b3 Bxe5 35.Nc4 Bd4 36.Ne3 Bxe3
37.fxe3 Rc5 38.Kf2 Kg7 39.Rd6 g5 40.h3 h5 41.Kf3 f5 42.Ra6 Kf7 43.g3 Kg7
44.h4 gxh4 45.gxh4 Re5 46.Kf4 Re4+ 47.Kxf5 Rxe3 48.Ra7+ Kh6 49.Ra6+ Kg7 50.Rxa5 Rxb3
51.Ra7+ Kh6 52.Ra6+ Kg7 53.Rb6 Rb1 54.Kg5 b3 55.Rb7+ Kf8 56.Kxh5 Ra1 57.Rxb3 Rxa4
58.Rg3 Kf7 59.Kg5 Kg7 60.Rb3 Ra5+ 61.Kg4 Ra4+ 62.Kg5 Ra5+  1/2-1/2

[Event "Tatry Open"]
[Site "Tatranske Zruby SVK"]
[Date "2006.09.30"]
[Round "9"]
[White "Belunek,V"]
[Black "Nagy,At1 SVK"]
[Result "1-0"]
[WhiteElo "2246"]
[BlackElo "2094"]

1.d4 d5 2.c4 c6 3.Nf3 Nf6 4.Nc3 e6 5.e3 Nbd7 6.Qc2 Bd6 7.g4 dxc4 8.Bxc4 e5
9.g5 Ng4 10.h3 Nh2 11.Nxh2 Qxg5 12.Bd2 Nf6 13.dxe5 Bxe5 14.O-O-O Qg2 15.Ng4 Bxg4
16.hxg4 Qxg4 17.f4 Bc7 18.Rhg1  1-0

[Event "TCh-BEL 2006-7"]
[Site "Belgium BEL"]
[Date "2006.10.01"]
[Round "1"]
[White "Nieto,E"]
[Black "Mullon,J"]
[Result "1-0"]
[WhiteElo "2193"]
[BlackElo "2363"]

1.d4 d5 2.c4 c6 3.Nc3 Nf6 4.e3 e6 5.Nf3 Nbd7 6.Qc2 Bd6 7.b3 O-O 8.Be2 dxc4
9.bxc4 e5 10.O-O Qe7 11.Rb1 Re8 12.Rd1 e4 13.Nd2 Nf8 14.c5 Bc7 15.Ba3 Rb8
16.Nc4 Bxh2+ 17.Kxh2 Ng4+ 18.Bxg4 Bxg4 19.Rh1 Ng6 20.Nd6 Qg5 21.Ncxe4 Rxe4
22.Qxe4 Nh4 23.Qf4 Qh5 24.Kg3  1-0

[Event "1st TCH-MNE"]
[Site "Herceg Novi MNE"]
[Date "2006.10.01"]
[Round "10"]
[White "Jakovljevic,Vlado"]
[Black "Prijovic,B"]
[Result "1-0"]
[WhiteElo "2414"]
[BlackElo "1899"]

1.Nf3 d5 2.d4 Nf6 3.c4 c6 4.Nc3 e6 5.e3 Be7 6.Bd3 Nbd7 7.O-O O-O 8.e4 dxe4
9.Nxe4 c5 10.Nxc5 Nxc5 11.dxc5 Bxc5 12.Bg5 h6 13.Bh4 Be7 14.Qe2 Qb6 15.Ne5 Re8
16.Rad1 Qa5 17.Bb1 Qc5 18.Rfe1 Qa5 19.Qc2 g5 20.Nxf7 Kxf7 21.Qg6+ Kf8 22.Qxh6+  1-0

[Event "Monarch Assurance Isle of Man"]
[Site "Port Erin IOM"]
[Date "2006.10.01"]
[Round "9"]
[White "Yakovich,Yur"]
[Black "Shabalov,A"]
[Result "1-0"]
[WhiteElo "2583"]
[BlackElo "2604"]

1.d4 d5 2.c4 c6 3.Nc3 Nf6 4.e3 e6 5.Nf3 Nbd7 6.Bd3 dxc4 7.Bxc4 b5 8.Bd3 Bb7
9.e4 b4 10.Na4 c5 11.e5 Nd5 12.Nxc5 Nxc5 13.dxc5 Bxc5 14.O-O h6 15.Nd2 Be7
16.Nc4 O-O 17.Qg4 Ne3 18.Bxe3 Qxd3 19.Bxh6 Qh7 20.Be3 Rfd8 21.Rfd1 Rxd1+
22.Rxd1 Bd5 23.h3 Bf8 24.Nd6 Qc2 25.Rd2 Qb1+ 26.Kh2 a5 27.Nxf7 Bxa2 28.Rd7 Qh7
29.Nh6+ Kh8 30.Nf7+ Kg8 31.Qf3 Rb8 32.Nh6+ gxh6 33.Rxh7 Kxh7 34.Ba7  1-0

[Event "15th TCh-CRO"]
[Site "Sibenik CRO"]
[Date "2006.10.01"]
[Round "10"]
[White "Mihalcisin,A"]
[Black "Pavasovic,D"]
[Result "1/2-1/2"]
[WhiteElo "2543"]
[BlackElo "2564"]

1.d4 d5 2.c4 e6 3.Nf3 Nf6 4.Nc3 c6 5.e3 Nbd7 6.Bd3 dxc4 7.Bxc4 b5 8.Bd3 Bd6
9.O-O O-O 10.h3 h6 11.e4 e5 12.Be3 Re8 13.Qc2 Qe7 14.Rfe1 a6 15.a4 Bb7 16.Rad1  1/2-1/2

[Event "Corporacion del Sur B"]
[Site "Buenos Aires ARG"]
[Date "2006.10.04"]
[Round "3"]
[White "Quinteros,M"]
[Black "Zambrana,O"]
[Result "1/2-1/2"]
[WhiteElo "2488"]
[BlackElo "2427"]

1.d4 d5 2.c4 c6 3.Nf3 Nf6 4.e3 e6 5.Nc3 Nbd7 6.Qc2 Bd6 7.Bd2 O-O 8.Bd3 Qe7
9.O-O dxc4 10.Bxc4 b5 11.Bd3 Bb7 12.Ng5 h6 13.Nge4 Nxe4 14.Nxe4 c5 15.Nxd6 Qxd6
16.dxc5 Nxc5 17.Bxb5 Rac8 18.Bb4 Qd5 19.f3 Na6 20.Qa4 Nxb4 21.Qxb4 Rb8 22.Bc4 Qe5
23.Qa3 Rfc8 24.Rac1 Bd5 25.Bxd5 exd5 26.Qxa7 Qxb2 27.Rxc8+ Rxc8 28.Qd4 Qxa2
29.Ra1 Qe2 30.Qxd5 Qxe3+ 31.Kf1 Rc5 32.Qd8+ Kh7 33.Rd1 Rc1 34.Rxc1 Qxc1+
35.Kf2 Qc5+ 36.Kf1 Qc4+ 37.Kf2 Qc5+ 38.Kf1  1/2-1/2

[Event "USCL"]
[Site "ICC INT"]
[Date "2006.10.04"]
[Round "6"]
[White "Krush,I"]
[Black "Bhat,V"]
[Result "1/2-1/2"]
[WhiteElo "2436"]
[BlackElo "2409"]

1.d4 d5 2.c4 c6 3.Nc3 Nf6 4.Nf3 e6 5.e3 Nbd7 6.Qc2 Bd6 7.b3 a6 8.Be2 e5 9.cxd5 cxd5
10.dxe5 Nxe5 11.Bb2 Bg4 12.Nxe5 Bxe5 13.Bxg4 Nxg4 14.h3 Nf6 15.O-O O-O 16.Ne2 Rc8
17.Qb1 Qe7 18.Rc1 Ne4 19.Bxe5 Qxe5 20.Nd4 Qf6 21.Qb2 Rfe8 22.Rc2 Rxc2 23.Qxc2 h5
24.Rc1 Re5 25.Qc8+ Kh7 26.Rc2 Nd6 27.Qc7 g5 28.g4 hxg4 29.hxg4 Kg6 30.Kg2 Re7
31.Qd8 Re4 32.Qg8+ Kh6 33.Qf8+ Kh7 34.Rc7 Rxg4+ 35.Kf1 Rh4 36.Kg2 Rg4+ 37.Kf1 Rh4
38.Kg2 Rg4+  1/2-1/2

[Event "14th Open Valle d'Aosta"]
[Site "Saint Vincent ITA"]
[Date "2006.10.04"]
[Round "5"]
[White "Naumkin,I"]
[Black "Bruno,Fabi"]
[Result "1-0"]
[WhiteElo "2435"]
[BlackElo "2388"]

1.d4 d5 2.c4 c6 3.Nf3 Nf6 4.Nc3 e6 5.e3 Nbd7 6.Qc2 Bd6 7.Bd3 dxc4 8.Bxc4 O-O
9.O-O e5 10.Bb3 Qe7 11.h3 Bc7 12.Bd2 h6 13.Nh4 Rd8 14.Nf5 Qf8 15.Rae1 Nb6
16.dxe5 Bxf5 17.Qxf5 Rxd2 18.exf6 Qd6 19.f4 Qxf6 20.Qxf6 gxf6 21.Rf2 Rxf2
22.Kxf2 a5 23.a4 Re8 24.Rd1 Kg7 25.Ne2 f5 26.Ng3 Kf6 27.Nh5+ Kg6 28.g4 fxg4
29.hxg4 f6 30.f5+ Kg5 31.Ng7 Re4 32.Rh1 Bg3+ 33.Kf3  1-0

[Event "7th Veselin Boskovic Mem Op"]
[Site "Beograd SRB"]
[Date "2006.10.05"]
[Round "4"]
[White "Arsovic,G"]
[Black "Mihic,B"]
[Result "1/2-1/2"]
[WhiteElo "2470"]
[BlackElo "2346"]

1.d4 e6 2.c4 Nf6 3.Nf3 d5 4.Nc3 c6 5.e3 Nbd7 6.Qc2 Bd6 7.b3 O-O 8.Be2 b6
9.O-O Bb7 10.Bb2 c5 11.cxd5 exd5 12.Rad1 Rc8 13.Qf5 Qe7 14.Rfe1 Qe6 15.Qb1 Ne4
16.Nxe4 dxe4 17.Nd2 cxd4 18.Bxd4 Nc5 19.Nc4 Bb8 20.a4 Qg6 21.Bxc5 Rxc5 22.g3 h5
23.Bf1 h4 24.Bg2 Rh5 25.Rd2 hxg3 26.hxg3 Rh6 27.Qd1 Bc6 28.Rd4 Bc7 29.b4 a6
30.b5 axb5 31.axb5 Bxb5 32.Bxe4 Bc6 33.Qf3 Re8 34.Bxc6 Qxc6 35.Qxc6 Rxc6
36.Rb1 Ra8 37.Rb4 Ra2 38.Kg2 g6 39.g4 Kg7 40.Rd2 Rxd2  1/2-1/2

[Event "WJun"]
[Site "Yerevan ARM"]
[Date "2006.10.05"]
[Round "3"]
[White "Grigoryan,Av"]
[Black "Nasri,A"]
[Result "0-1"]
[WhiteElo "2404"]
[BlackElo "2227"]

1.d4 d5 2.c4 e6 3.Nf3 c6 4.e3 Nf6 5.Nc3 Nbd7 6.Bd3 dxc4 7.Bxc4 b5 8.Bd3 Bb7
9.a3 b4 10.Ne4 c5 11.Nxf6+ gxf6 12.O-O cxd4 13.Nxd4 Rg8 14.e4 f5 15.Qe2 Qh4
16.Rd1 a6 17.axb4 fxe4 18.Bxa6 Rxa6 19.Rxa6 Bxa6 20.b5 Bb7 21.Nc6 Bc5 22.g3 Qf6
23.Qd2 Bc8 24.b4 Bb6 25.Bb2 Qf5 26.Be5 f6 27.Bf4 Kf7 28.Qd6 Re8 29.Nb8 Rd8
30.Nc6 Re8 31.Nb8 Qxb5 32.Nxd7 Rd8 33.Be3 Rxd7  0-1

[Event "I Patrimonio de la Humanidad Open"]
[Site "Alcala de Henares ESP"]
[Date "2006.10.07"]
[Round "1"]
[White "Mirzoev,A"]
[Black "Hernandez Fernandez,E"]
[Result "1-0"]
[WhiteElo "2543"]
[BlackElo "2017"]

1.d4 d5 2.c4 e6 3.Nc3 c6 4.e3 Nf6 5.Nf3 Nbd7 6.Qc2 Be7 7.g4 dxc4 8.Bxc4 b5
9.Be2 b4 10.Na4 Bb7 11.Bd2 Rc8 12.g5 Nd5 13.e4 N5b6 14.Nc5 Nxc5 15.dxc5 Nd7
16.Bxb4 Bxg5 17.Nxg5 Qxg5 18.Qd2 Qxd2+ 19.Kxd2 f6 20.Ke3 Rb8 21.Ba3 a5 22.Rad1 Ne5
23.Rd6 Ke7 24.Rhd1 Rhd8 25.b3 Nf7 26.Rxd8 Nxd8 27.f4 Bc8 28.h4 Nf7 29.Rd4 Nd8
30.Ra4 Ra8 31.b4 Nb7 32.b5 Nd8 33.b6 e5 34.fxe5 fxe5 35.Bb2 Kf6 36.Rc4 Be6
37.Rc1 Nb7 38.a3 g6 39.Rf1+ Ke7 40.Bxe5 Nxc5 41.Rc1 Nd7 42.Bc7 c5 43.b7 Rg8
44.Bb5 Nb8 45.Rxc5  1-0

[Event "Corporacion del Sur B"]
[Site "Buenos Aires ARG"]
[Date "2006.10.07"]
[Round "5"]
[White "Lemos,D"]
[Black "Zambrana,O"]
[Result "1-0"]
[WhiteElo "2371"]
[BlackElo "2427"]

1.d4 d5 2.c4 e6 3.Nf3 Nf6 4.Nc3 c6 5.e3 Nbd7 6.Qc2 Bd6 7.Bd2 O-O 8.Bd3 Qe7
9.O-O dxc4 10.Bxc4 e5 11.Bb3 h6 12.Nh4 Nb6 13.Ng6 Qc7 14.Nxf8 exd4 15.Ne4 Nxe4
16.Qxe4 Bxf8 17.exd4 Qd8 18.Rfe1 Nd5 19.Bxd5 cxd5 20.Qe8 Bd7 21.Qxd8 Rxd8
22.Rac1 Bc6 23.a3 g6 24.Bf4 a5 25.Bc7 Ra8 26.Rc3 a4 27.h4 Rc8 28.Bf4 h5 29.f3 Bg7
30.Be5 Bh6 31.Rc2 Re8 32.Kf2 Re6 33.g3 Bf8 34.Bf4 Rxe1 35.Kxe1 Be7 36.Kf2 f6
37.Bd2 Kf7 38.Bb4 Bd8 39.Rc3 Ke6 40.b3 axb3 41.Rxb3 Kf5 42.Rc3 g5 43.Bd6 Ke6
44.Bc5 Kf5 45.Re3 gxh4 46.gxh4 Ba4 47.Re1 Kg6 48.Ke3 Ba5 49.Rb1 b5 50.Bb4 Bc7
51.Rc1 Bh2 52.Be1 Bd6 53.Bb4 Bh2 54.Kf2 Bb3 55.Rc6 Kf7 56.Bd6 Bxd6 57.Rxd6 Bc4
58.Ke3 Ke7 59.Rb6 Kf7 60.Kf4 Bd3 61.Rb7+ Kg6 62.Rb8 Bc4 63.Ke3 Kf5 64.Rh8 Kg6
65.Kd2 Bf1 66.Kc3 Be2 67.Kb4 Kg7 68.Rb8 Bxf3 69.Rxb5 f5 70.Kc3 f4 71.Rb6 Kf7
72.Kd2 Ke7 73.a4  1-0

[Event "WJun"]
[Site "Yerevan ARM"]
[Date "2006.10.07"]
[Round "5"]
[White "Esen,B"]
[Black "Niemi,K"]
[Result "1/2-1/2"]
[WhiteElo "2464"]
[BlackElo "2282"]

1.d4 d5 2.Nf3 Nf6 3.c4 c6 4.e3 e6 5.Nc3 Nbd7 6.Bd3 dxc4 7.Bxc4 b5 8.Bd3 a6
9.e4 c5 10.d5 c4 11.dxe6 fxe6 12.Bc2 Qc7 13.O-O Bb7 14.e5 Nxe5 15.Nxe5 Qxe5
16.Re1 Qd6 17.Qe2 Be7 18.Bg5 Qc6 19.f3 O-O 20.Kh1 Rae8 21.Rad1 Bb4 22.Qe5 Qc5
23.Qg3 g6 24.Bxf6 Rxf6 25.Rd7 Bxc3 26.bxc3 Bd5 27.Qh4 Re7 28.Rd8+ Kg7 29.Bxg6 Rxg6
30.Rxd5 Qxd5 31.Qxe7+ Kg8 32.Qa3 Qd2 33.Rg1 e5 34.Qe7 Qd6 35.Qb7 Re6 36.h3 Qc6
37.Qa7 Rd6 38.Re1 Qb6 39.Qe7 Qd8 40.Qxe5 Rd1 41.Rxd1 Qxd1+ 42.Kh2 Qa4 43.Qe8+ Kg7
44.Qe7+ Kg8 45.f4 Qxa2 46.f5 Qd2 47.f6 Qf4+ 48.Kg1 Qc1+ 49.Kf2 Qc2+ 50.Kg3 Qg6+
51.Kf4 h6 52.Qd8+ Kf7 53.Qe7+ Kg8 54.Ke5 a5 55.Ke6 b4 56.cxb4 axb4 57.Qd8+ Kh7
58.Qc7+ Kg8 59.Qb8+ Kh7 60.Qa7+ Kg8 61.Qa8+ Kh7 62.Ke7 Qf5 63.f7 Qe5+ 64.Kd7 Qf5+
65.Ke7 Qe5+ 66.Kd7 Qf5+  1/2-1/2

[Event "56th TCh-BUL"]
[Site "Sunny Beach BUL"]
[Date "2006.10.08"]
[Round "4"]
[White "Andreev,S"]
[Black "Karakehajov,K"]
[Result "1-0"]
[WhiteElo "2119"]
[BlackElo "2451"]

1.d4 d5 2.c4 e6 3.Nc3 c6 4.e3 Nf6 5.Nf3 Nbd7 6.Qc2 Be7 7.Be2 O-O 8.O-O b6
9.e4 dxe4 10.Nxe4 Nxe4 11.Qxe4 Bb7 12.Rd1 Nf6 13.Qh4 Nd7 14.Qg3 Re8 15.Bf4 Nf8
16.c5 Qc8 17.b4 Ng6 18.Be5 Ba6 19.Bxa6 Qxa6 20.h4 h5 21.a4 Qc4 22.a5 b5 23.Rab1 Rad8
24.Bc7 Rd5 25.Ne5 Nxe5 26.Bxe5 f6 27.Qg6 Red8 28.Bc7 Rc8 29.Bg3 Rf5 30.Re1 Bf8
31.d5 Qxd5 32.Rbd1 Qb3 33.Rd7 Qxb4 34.Rxe6 Qg4 35.Qxg4 hxg4 36.Bd6 Rxc5 37.Bxf8 Rxf8
38.Ree7 Kh8 39.Rxg7 Rh5 40.Rxa7 b4 41.Rab7 Rxh4 42.a6 b3 43.a7 b2 44.Rge7 Rd8
45.Rb8 b1=Q+ 46.Rxb1 g3 47.Rb8 Rd4 48.fxg3 Rd1+ 49.Kf2 Rd2+ 50.Re2  1-0

[Event "Corporacion del Sur A"]
[Site "Buenos Aires ARG"]
[Date "2006.10.09"]
[Round "7"]
[White "Roselli Mailhe,B"]
[Black "Giaccio,A"]
[Result "0-1"]
[WhiteElo "2445"]
[BlackElo "2462"]

1.d4 d5 2.c4 e6 3.Nc3 c6 4.e3 Nf6 5.Nf3 a6 6.b3 Bb4 7.Bd2 Qe7 8.Bd3 Nbd7
9.O-O O-O 10.Re1 dxc4 11.bxc4 e5 12.Bc2 Re8 13.Ng5 h6 14.Nge4 Nxe4 15.Nxe4 Bxd2
16.Qxd2 Nf6 17.f4 exf4 18.exf4 Rd8 19.Rad1 Nxe4 20.Bxe4 Qf6 21.f5 b5 22.Qc3 Ra7
23.Qf3 Rxd4 24.Bxc6 Rxd1 25.Rxd1 bxc4 26.Be4 c3 27.Bc2 Rd7 28.Rd3 Bb7 29.Qf2 Rxd3
30.Bxd3 Qg5 31.h4 Qc1+ 32.Kh2 Qd2 33.Qxd2 cxd2 34.Bc2 Be4 35.Bd1 Bxf5 36.g4 Be6
37.a3 g6 38.h5 gxh5 39.gxh5 Kg7 40.Kg3 f5 41.Kf4 Kf6 42.Bc2 Bf7 43.Bd1 Be8
44.Ke3 Kg5 45.Kxd2 Bxh5 46.Be2 Be8 47.Ke3 h5 48.Kf3 h4 49.Kg2 Bh5 50.Bd3 a5
51.Bb5 Bg4 52.Bd3 f4 53.Kf2 Kf6 54.Kg2 Ke5 55.Kf2 Kd4  0-1

[Event "Corporacion del Sur B"]
[Site "Buenos Aires ARG"]
[Date "2006.10.09"]
[Round "7"]
[White "Lafuente,P"]
[Black "Zambrana,O"]
[Result "1/2-1/2"]
[WhiteElo "2459"]
[BlackElo "2427"]

1.d4 d5 2.c4 c6 3.Nc3 Nf6 4.e3 e6 5.Nf3 Nbd7 6.Qc2 Bd6 7.Bd3 O-O 8.O-O dxc4
9.Bxc4 a6 10.a4 c5 11.Rd1 cxd4 12.exd4 Qc7 13.Qe2 Re8 14.h3 b6 15.Ba2 Bb7
16.Re1 Rac8 17.Bd2 Bf4 18.Rad1 h6 19.Bxf4 Qxf4 20.Qe3 Qd6 21.Ne5 Nd5 22.Ne4 Qe7
23.Qb3 N7f6 24.Bb1 Nxe4 25.Bxe4 Nf6 26.Bd3 Qd8 27.Bf1 Qc7 28.Rc1 Qd8 29.Rxc8 Bxc8
30.Nc4 Nd5 31.Qg3 Qd7 32.Rc1 Rd8 33.b3 Bb7 34.Ne5 Qe7 35.Nc6 Bxc6 36.Rxc6 Qb7
37.Rc1 a5 38.Bb5 Nf6 39.Rc7 Qb8 40.Rc6 Qxg3 41.fxg3 Rb8 42.g4 Kf8 43.Kf2 Nd5
44.Bc4 Nb4 45.Rc7 Rd8 46.Rb7 Rd6 47.Kf3 Nc2 48.Ke4 f6 49.d5 Na3 50.dxe6 Nxc4
51.bxc4 Rxe6+ 52.Kd5 Re5+ 53.Kc6 Rc5+ 54.Kxb6 Rxc4 55.Kxa5 Rc2 56.Rb5 Ke7
57.Kb6 Kd6 58.a5 Rc6+ 59.Kb7 Rc7+ 60.Kb8 Rf7 61.Rb7 Rf8+ 62.Ka7 Kc6 63.Rxg7 f5
64.gxf5 Rxf5 65.Rg6+ Kc7 66.a6 h5 67.h4 Rf4 68.g3 Rf3 69.Rg5 Kc6 70.Rg7 Rf8
71.Rg6+ Kc7 72.Rh6 Rf7 73.Rh8 Rg7 74.Ka8 Rg6 75.Ka7 Rg7 76.Rh6 Rf7 77.Rb6 Rf3
78.Rb4 Rxg3 79.Rc4+ Kd6 80.Kb6 Rb3+ 81.Ka5 Ra3+ 82.Kb5 Rb3+ 83.Rb4 Rxb4+
84.Kxb4 Kc6 85.Ka5 Kc7 86.Kb5 Kb8 87.Kc5 Ka7 88.Kd5 Kxa6 89.Ke5 Kb6 90.Kf5 Kc6
91.Kg5 Kd6 92.Kxh5 Ke7 93.Kg6 Kf8  1/2-1/2

[Event "22nd ECU Club Cup"]
[Site "Feugen AUT"]
[Date "2006.10.09"]
[Round "2"]
[White "Dambacher,M"]
[Black "Khalifman,A"]
[Result "0-1"]
[WhiteElo "2429"]
[BlackElo "2622"]

1.Nf3 d5 2.d4 Nf6 3.c4 e6 4.Nc3 c6 5.e3 a6 6.b3 c5 7.cxd5 exd5 8.Be2 Nc6
9.O-O cxd4 10.Nxd4 Bd6 11.Bb2 O-O 12.Rc1 Qc7 13.g3 Bh3 14.Re1 Rfd8 15.Bf3 Qe7
16.Nxc6 bxc6 17.Ne2 Bb4 18.Nd4 Bxe1 19.Nxc6 Bxf2+ 20.Kxf2 Ne4+ 21.Ke2 Qg5
22.Nxd8 Rxd8 23.Qd4 Bg4 24.Qe5 Qg6 25.Qf4 Bxf3+ 26.Qxf3 a5 27.Ke1 h5 28.Qf4 Re8
29.Kf1 Qe6 30.Kg2 f6 31.Rc7 Rc8 32.Bd4 Rxc7 33.Qxc7 Qg4 34.Qc2 h4  0-1